The school counselor's guide to special education / (Record no. 276915)
[ view plain ]
| 000 -LEADER | |
|---|---|
| fixed length control field | 01146cam a2200301 a 4500 |
| 001 - CONTROL NUMBER | |
| control field | 17310004 |
| 005 - DATE AND TIME OF LATEST TRANSACTION | |
| control field | 20141210154720.0 |
| 008 - FIXED-LENGTH DATA ELEMENTS--GENERAL INFORMATION | |
| fixed length control field | 120519s2012 nyua b 000 0 eng |
| 010 ## - LIBRARY OF CONGRESS CONTROL NUMBER | |
| LC control number | 2012018204 |
| 020 ## - INTERNATIONAL STANDARD BOOK NUMBER | |
| International Standard Book Number | 9781620872222 (pbk. : alk. paper) |
| 040 ## - CATALOGING SOURCE | |
| Original cataloging agency | DLC |
| Transcribing agency | DLC |
| Modifying agency | DLC |
| 050 00 - LIBRARY OF CONGRESS CALL NUMBER | |
| Classification number | LC 3969.48 |
| Item number | .T76 2012 |
| 082 00 - DEWEY DECIMAL CLASSIFICATION NUMBER | |
| Classification number | 371.9 |
| 100 1# - MAIN ENTRY--PERSONAL NAME | |
| Personal name | Trolley, Barbara |
| Fuller form of name | (Barbara C.) |
| 245 14 - TITLE STATEMENT | |
| Title | The school counselor's guide to special education / |
| Statement of responsibility, etc | Barbara C. Trolley, Heather S. Haas, Danielle Campese Patti. |
| 250 ## - EDITION STATEMENT | |
| Edition statement | 1st Skyhorse publishing ed. 2012. |
| 260 ## - PUBLICATION, DISTRIBUTION, ETC. (IMPRINT) | |
| Place of publication, distribution, etc | New York : |
| Name of publisher, distributor, etc | Corwin Press, |
| Date of publication, distribution, etc | 2012. |
| 300 ## - PHYSICAL DESCRIPTION | |
| Extent | v, 193 pages : |
| Other physical details | illustrations ; |
| Dimensions | 29 cm. |
| 504 ## - BIBLIOGRAPHY, ETC. NOTE | |
| Bibliography, etc | Includes bibliographical references (p. 192-193). |
| 521 ## - TARGET AUDIENCE NOTE | |
| Target audience note | Education |
| 650 #0 - SUBJECT ADDED ENTRY--TOPICAL TERM | |
| Topical term or geographic name as entry element | Counseling in special education |
| Form subdivision | Handbooks, manuals, etc. |
| 650 #0 - SUBJECT ADDED ENTRY--TOPICAL TERM | |
| Topical term or geographic name as entry element | Special education |
| Form subdivision | Handbooks, manuals, etc. |
| 700 1# - ADDED ENTRY--PERSONAL NAME | |
| Personal name | Haas, Heather |
| Fuller form of name | (Heather S.) |
| 700 1# - ADDED ENTRY--PERSONAL NAME | |
| Personal name | Patti, Danielle Campese. |
| 906 ## - LOCAL DATA ELEMENT F, LDF (RLIN) | |
| a | 7 |
| b | cbc |
| c | orignew |
| d | 1 |
| e | ecip |
| f | 20 |
| g | y-gencatlg |
| 942 ## - ADDED ENTRY ELEMENTS (KOHA) | |
| Source of classification or shelving scheme | Library of Congress Classification |
| Koha item type | Books |
| Withdrawn status | Lost status | Source of classification or shelving scheme | Damaged status | Home library | Current library | Shelving location | Date acquired | Source of acquisition | Total Checkouts | Full call number | Barcode | Date last seen | Price effective from | Koha item type |
|---|---|---|---|---|---|---|---|---|---|---|---|---|---|---|
| Library of Congress Classification | College Library | College Library | Reserve Section | 12/10/2014 | Library Fund | LC 3969.48 .T76 2012 | C19008 | 05/15/2018 | 12/10/2014 | Books |